[Event "Titled Tuesday intern op 02nd May Early"]
[Site "Chess.com INT"]
[Date "2023.05.02"]
[Round "8"]
[White "Djokic, Mihailo"]
[Black "Bychkov, Vladimir"]
[Result "1-0"]
[WhiteElo "2192"]
[BlackElo "2225"]
[PlyCount "77"]
[EventDate "2023.05.02"]
[EventType "swiss (blitz)"]
[EventRounds "11"]
[EventCountry "USA"]
[SourceTitle "EXT 2024"]
[Source "ChessBase"]
[SourceDate "2023.10.10"]
[SourceVersion "1"]
[SourceVersionDate "2023.10.10"]
[SourceQuality "1"]

1. e4 c6 2. d4 d5 3. e5 Bf5 4. h4 h5 5. Bg5 Qa5+ 6. Nd2 Nd7 7. c3 e6 8. Ne2 Ne7 9. Ng3 Bg6 10. Be2 f6 11. exf6 gxf6 12. Be3 0-0-0 13. Bxh5 e5 14. Bxg6 Nxg6 15. h5 Nf4 16. Bxf4 exf4 17. Nf5 Qa6 18. Qe2 Qb6 19. 0-0-0 a5 20. a4 Bh6 21. Kc2 Rde8 22. Nd6+ Kd8 23. Nxe8 Rxe8 24. Qd3 f3 25. Nxf3 Re4 26. Nd2 Rg4 27. g3 c5 28. dxc5 Qxc5 29. f4 f5 30. Nb3 Qf2+ 31. Rd2 Qxg3 32. Qxd5 Rg7 33. Nc5 Bxf4 34. Ne6+ Kc8 35. Qc4+ Kb8 36. Nxf4 Ne5 37. Qd4 Nf3 38. Qd8+ Ka7 39. Qxa5+ 1-0

[Event "Titled Tuesday intern op 17th Jan Early"]
[Site "Chess.com INT"]
[Date "2023.01.17"]
[Round "5"]
[White "Bychkov, Vladimir"]
[Black "Bethke, Richard"]
[Result "1-0"]
[WhiteElo "2259"]
[BlackElo "2369"]
[PlyCount "69"]
[EventDate "2023.01.17"]
[EventType "swiss (blitz)"]
[EventRounds "11"]
[EventCountry "USA"]
[SourceTitle "CBM 212 Extra"]
[Source "ChessBase"]
[SourceDate "2023.03.31"]
[SourceVersion "1"]
[SourceVersionDate "2023.03.31"]
[SourceQuality "1"]

1. c4 f5 2. Nc3 Nf6 3. d4 e6 4. Bg5 Be7 5. e3 0-0 6. Bd3 d6 7. Nge2 e5 8. Qb3 Nc6 9. c5+ Kh8 10. cxd6 cxd6 11. dxe5 dxe5 12. Rd1 Qe8 13. Bxf6 Bxf6 14. Nb5 Be6 15. Qa4 e4 16. Nc7 Qe7 17. Nxe6 exd3 18. Nxf8 dxe2 19. Rd7 Qxf8 20. Kxe2 Qe8 21. Rhd1 Rc8 22. Kf1 Ne5 23. Rc7 Qg8 24. Qc2 Rxc7 25. Qxc7 h5 26. b3 b5 27. h3 a6 28. Qb7 Qe6 29. Qd5 Qc8 30. Kg1 Qc2 31. Qd2 Qe4 32. f3 Qh4 33. Qf2 Qb4 34. f4 Ng6 35. Qf3 1-0

[Event "Titled Tuesday intern op 17th Jan Early"]
[Site "Chess.com INT"]
[Date "2023.01.17"]
[Round "6"]
[White "Skatchkov, Valery"]
[Black "Bychkov, Vladimir"]
[Result "1-0"]
[WhiteElo "2226"]
[BlackElo "2259"]
[PlyCount "71"]
[EventDate "2023.01.17"]
[EventType "swiss (blitz)"]
[EventRounds "11"]
[EventCountry "USA"]
[SourceTitle "CBM 212 Extra"]
[Source "ChessBase"]
[SourceDate "2023.03.31"]
[SourceVersion "1"]
[SourceVersionDate "2023.03.31"]
[SourceQuality "1"]

1. d4 Nf6 2. c4 e6 3. Nc3 Bb4 4. a3 Bxc3+ 5. bxc3 c5 6. f3 b6 7. e4 d6 8. Bd3 Nc6 9. Ne2 Na5 10. 0-0 Ba6 11. Bg5 h6 12. Bh4 g5 13. Bg3 Nh5 14. f4 Qe7 15. f5 Nxg3 16. Nxg3 e5 17. f6 Qe6 18. Nf5 0-0-0 19. Ne7+ Kb7 20. Qh5 Bxc4 21. d5 Qd7 22. Bxc4 Nxc4 23. Qxf7 Nd2 24. Rfe1 Rdf8 25. Qg7 Ka6 26. Ng6 Qe8 27. f7 Qd8 28. Rad1 Nc4 29. Rf1 Ne3 30. Nxh8 Nxd1 31. Ng6 Ne3 32. Qxf8 Qd7 33. h3 Qb5 34. Qc8+ Ka5 35. f8Q Qe2 36. Qf2 1-0

[Event "Titled Tuesday intern op 10th Jan Early"]
[Site "Chess.com INT"]
[Date "2023.01.10"]
[Round "2"]
[White "Yaniuk, Volodymyr"]
[Black "Bychkov, Vladimir"]
[Result "0-1"]
[WhiteElo "2223"]
[BlackElo "2259"]
[PlyCount "90"]
[EventDate "2023.01.10"]
[EventType "swiss (blitz)"]
[EventRounds "11"]
[EventCountry "USA"]
[SourceTitle "EXT 2024"]
[Source "ChessBase"]
[SourceDate "2023.10.10"]
[SourceVersion "1"]
[SourceVersionDate "2023.10.10"]
[SourceQuality "1"]

1. d4 Nf6 2. c4 g6 3. Nc3 Bg7 4. e4 d6 5. Nf3 0-0 6. h3 e5 7. d5 a5 8. Be3 Na6 9. g4 Nc5 10. Nd2 c6 11. Be2 cxd5 12. cxd5 Bd7 13. g5 Ne8 14. h4 f5 15. gxf6 Nxf6 16. a3 b5 17. b4 axb4 18. axb4 Na4 19. Nxb5 Bxb5 20. Bxb5 Nc3 21. Rxa8 Qxa8 22. Bc6 Nxd1 23. Bxa8 Nxe3 24. Bc6 Nc2+ 25. Ke2 Nd4+ 26. Kd3 Ng4 27. Ra1 Bh6 28. f3 Nf2+ 29. Kc3 Bxd2+ 30. Kxd2 Rxf3 31. Ra8+ Kg7 32. b5 Nxe4+ 33. Kc1 Nc3 34. b6 Rf2 35. Ba4 Nxa4 36. Rxa4 Rc2+ 37. Kd1 Rb2 38. Ra7+ Kh6 39. Rb7 e4 40. Re7 Rxb6 41. Rxe4 Nf5 42. Ke1 Rb5 43. Kf2 Rxd5 44. Kf3 Rd3+ 45. Kf4 Rd4 0-1

[Event "Titled Tuesday intern op 11th Oct Early"]
[Site "Chess.com INT"]
[Date "2022.10.11"]
[Round "4"]
[White "Bychkov, Vladimir"]
[Black "Ilkhomi, Jaloliddin"]
[Result "1-0"]
[WhiteElo "2280"]
[BlackElo "2145"]
[PlyCount "89"]
[EventDate "2022.10.11"]
[EventType "swiss (blitz)"]
[EventRounds "11"]
[EventCountry "USA"]
[SourceTitle "EXT 2024"]
[Source "ChessBase"]
[SourceDate "2023.10.10"]
[SourceVersion "1"]
[SourceVersionDate "2023.10.10"]
[SourceQuality "1"]

1. Nf3 Nf6 2. g3 d5 3. Bg2 c6 4. d3 Bg4 5. Nbd2 Nbd7 6. c4 e5 7. b3 Bd6 8. Bb2 0-0 9. 0-0 Qe7 10. cxd5 cxd5 11. Rc1 Rac8 12. h3 Bxf3 13. Nxf3 Ba3 14. Qd2 Bxb2 15. Qxb2 Qd6 16. Rxc8 Rxc8 17. Rc1 Rc7 18. Rxc7 Qxc7 19. b4 e4 20. Nd4 exd3 21. exd3 Qe5 22. Qc3 g6 23. Nb5 a6 24. d4 Qe2 25. Nd6 b6 26. a4 Qd1+ 27. Kh2 Qxa4 28. Bxd5 Nxd5 29. Qc8+ Kg7 30. Qe8 Qc6 31. Qxf7+ Kh8 32. Ne8 Qf6 33. Nxf6 N5xf6 34. Kg2 a5 35. bxa5 bxa5 36. Qa2 Kg7 37. Qxa5 Kf7 38. Qc7 Ke7 39. g4 Nd5 40. Qc6 Nf4+ 41. Kg3 Ne6 42. d5 Ng5 43. f3 Nf7 44. Qe6+ Kf8 45. Qxd7 1-0

[Event "Titled Tuesday intern op 11th Oct Early"]
[Site "Chess.com INT"]
[Date "2022.10.11"]
[Round "5"]
[White "Demin, Vladimir"]
[Black "Bychkov, Vladimir"]
[Result "1-0"]
[WhiteElo "2430"]
[BlackElo "2280"]
[PlyCount "121"]
[EventDate "2022.10.11"]
[EventType "swiss (blitz)"]
[EventRounds "11"]
[EventCountry "USA"]
[SourceTitle "EXT 2024"]
[Source "ChessBase"]
[SourceDate "2023.10.10"]
[SourceVersion "1"]
[SourceVersionDate "2023.10.10"]
[SourceQuality "1"]

1. d4 Nf6 2. Nc3 d5 3. Bf4 e6 4. e3 a6 5. g4 h6 6. f3 c5 7. Nge2 Bd6 8. Bg2 Qc7 9. 0-0 Nbd7 10. h3 b5 11. Kh1 b4 12. Na4 c4 13. Bxd6 Qxd6 14. e4 Qc6 15. c3 dxe4 16. fxe4 Nxe4 17. Rf4 Ndf6 18. Nc5 Bb7 19. Nxe4 Ke7 20. Qf1 Rhf8 21. Rxf6 gxf6 22. Qxf6+ Ke8 23. Qe5 Kd8 24. Qf6+ Kc7 25. Qe7+ Kb6 26. d5 exd5 27. Nd4 Qc7 28. Qxb4+ Ka7 29. Nc5 Rfe8 30. Rf1 Rab8 31. Qa3 Qb6 32. h4 Re3 33. Rxf7 Re1+ 34. Kh2 Qd6+ 35. Kh3 Re3+ 36. Bf3 Ka8 37. Nb5 Rxf3+ 38. Rxf3 Qb6 39. Nd4 Bc8 40. Rf7 Qg6 41. Rf4 Qb1 42. Nxa6 Qh1+ 43. Kg3 Qg1+ 44. Kf3 Bxg4+ 45. Rxg4 Qd1+ 46. Kf4 Qf1+ 47. Ke5 Re8+ 48. Kd6 Qf6+ 49. Kc5 Qe7+ 50. Kb5 Qb7+ 51. Ka5 Rc8 52. Nb5 h5 53. Rg6 d4 54. cxd4 c3 55. bxc3 Rd8 56. Nac7+ Kb8 57. Rb6 Qxb6+ 58. Kxb6 Rd6+ 59. Kc5 Rc6+ 60. Kxc6 Kc8 61. Qa8# 1-0

[Event "Titled Tuesday intern op 09th Aug Early"]
[Site "Chess.com INT"]
[Date "2022.08.09"]
[Round "3"]
[White "Williams, Simon Kim"]
[Black "Bychkov, Vladimir"]
[Result "1-0"]
[WhiteElo "2464"]
[BlackElo "2280"]
[PlyCount "63"]
[EventDate "2022.08.09"]
[EventType "swiss (blitz)"]
[EventRounds "11"]
[EventCountry "USA"]
[SourceTitle "EXT 2023"]
[Source "ChessBase"]
[SourceDate "2022.10.05"]
[SourceVersion "1"]
[SourceVersionDate "2022.10.05"]
[SourceQuality "1"]

1. c4 e5 2. Nc3 Bb4 3. e4 Bxc3 4. dxc3 Nf6 5. Bd3 a5 6. f3 Na6 7. Nh3 Nc5 8. Nf2 d6 9. Be3 b6 10. b3 Be6 11. 0-0 0-0 12. a4 Nfd7 13. Be2 f5 14. exf5 Bxf5 15. b4 Na6 16. c5 bxc5 17. b5 Nb4 18. cxb4 cxb4 19. Bc4+ Kh8 20. Rc1 Nf6 21. Bg5 h6 22. Bxf6 Qxf6 23. Bd5 Ra7 24. Ne4 Qh4 25. Qd2 Qd8 26. Qe3 Qb8 27. Rc4 Bd7 28. Rfc1 Qb6 29. Qxb6 cxb6 30. Nxd6 Bf5 31. Nxf5 Rxf5 32. Rc8+ 1-0

[Event "Titled Tuesday intern op 12th Apr Early"]
[Site "Chess.com INT"]
[Date "2022.04.12"]
[Round "1"]
[White "Artemenko, Oleg"]
[Black "Bychkov, Vladimir"]
[Result "0-1"]
[WhiteElo "2246"]
[BlackElo "2303"]
[PlyCount "54"]
[EventDate "2022.04.12"]
[EventType "swiss (blitz)"]
[EventRounds "11"]
[EventCountry "USA"]
[SourceTitle "CBM 207 Extra"]
[Source "ChessBase"]
[SourceDate "2022.05.31"]
[SourceVersion "1"]
[SourceVersionDate "2022.05.31"]
[SourceQuality "1"]

1. d4 Nf6 2. Nc3 d5 3. Bf4 a6 4. e3 e6 5. g4 c5 6. g5 Nfd7 7. Nf3 Nc6 8. Ne2 b5 9. c3 b4 10. Ng3 bxc3 11. bxc3 Qa5 12. Qd2 Nb6 13. Bd3 Na4 14. Rc1 Bd7 15. 0-0 h5 16. gxh6 gxh6 17. e4 cxd4 18. exd5 Qxd5 19. Be4 dxc3 20. Qe2 Qb5 21. Bd3 Qb4 22. Rb1 Qxf4 23. Be4 Nc5 24. Rfd1 Nxe4 25. Nxe4 Rg8+ 26. Kh1 c2 27. Qxc2 Qxf3# 0-1

[Event "Titled Tuesday intern op 12th Apr Early"]
[Site "Chess.com INT"]
[Date "2022.04.12"]
[Round "8"]
[White "Bychkov, Vladimir"]
[Black "Janaszak, Dawid"]
[Result "0-1"]
[WhiteElo "2303"]
[BlackElo "2334"]
[PlyCount "126"]
[EventDate "2022.04.12"]
[EventType "swiss (blitz)"]
[EventRounds "11"]
[EventCountry "USA"]
[SourceTitle "CBM 207 Extra"]
[Source "ChessBase"]
[SourceDate "2022.05.31"]
[SourceVersion "1"]
[SourceVersionDate "2022.05.31"]
[SourceQuality "1"]

1. Nf3 Nf6 2. c4 g6 3. Nc3 Bg7 4. g3 0-0 5. Bg2 d5 6. cxd5 Nxd5 7. 0-0 e6 8. a3 c5 9. Qc2 Nc6 10. d3 b6 11. Bg5 Qd7 12. Nxd5 exd5 13. Rac1 Bb7 14. h4 Rfe8 15. h5 h6 16. Be3 g5 17. Rfe1 Qg4 18. Nh2 Qf5 19. g4 Qd7 20. b4 Nd4 21. Bxd4 Bxd4 22. e3 Be5 23. bxc5 Rac8 24. d4 Bxh2+ 25. Kxh2 Qxg4 26. Qe2 Qh4+ 27. Kg1 g4 28. cxb6 axb6 29. Rxc8 Rxc8 30. Rb1 Rc6 31. Qe1 Qxh5 32. a4 Qg6 33. a5 Bc8 34. axb6 Rxb6 35. Rxb6 Qxb6 36. Bxd5 Qd6 37. Bg2 h5 38. d5 h4 39. e4 h3 40. e5 Qc5 41. Be4 g3 42. d6 Kg7 43. Qe3 gxf2+ 44. Kxf2 Qxe5 45. Qg3+ Qxg3+ 46. Kxg3 Kf6 47. Bf3 Ke5 48. Bb7 Bd7 49. Bf3 Kxd6 50. Bh5 f6 51. Be2 Ke5 52. Bf1 Ke4 53. Bc4 Ke3 54. Bb3 Bc8 55. Bc2 Ke2 56. Bb1 Ke3 57. Bc2 Kd2 58. Bb1 Ke1 59. Bg6 Kf1 60. Be4 Kg1 61. Bd5 h2 62. Kf4 Bh3 63. Bc6 Bg2 0-1

[Event "Titled Tuesday intern op 12th Apr Early"]
[Site "Chess.com INT"]
[Date "2022.04.12"]
[Round "6"]
[White "Rohit, Krishna S"]
[Black "Bychkov, Vladimir"]
[Result "1/2-1/2"]
[WhiteElo "2337"]
[BlackElo "2303"]
[PlyCount "106"]
[EventDate "2022.04.12"]
[EventType "swiss (blitz)"]
[EventRounds "11"]
[EventCountry "USA"]
[SourceTitle "CBM 207 Extra"]
[Source "ChessBase"]
[SourceDate "2022.05.31"]
[SourceVersion "1"]
[SourceVersionDate "2022.05.31"]
[SourceQuality "1"]

1. e4 e6 2. d4 d5 3. e5 c5 4. c3 Bd7 5. Nf3 Qb6 6. Bd3 cxd4 7. cxd4 Bb5 8. 0-0 Bxd3 9. Qxd3 Nc6 10. Nc3 Qa6 11. Qxa6 bxa6 12. a3 Na5 13. Be3 Ne7 14. b4 Nc4 15. Nd2 Rc8 16. Nxc4 Rxc4 17. Na4 Nf5 18. Rfc1 Rxc1+ 19. Rxc1 Kd7 20. g4 Nh4 21. f4 Be7 22. Nc5+ Bxc5 23. Rxc5 Rc8 24. Kf2 Ng6 25. h3 Rxc5 26. bxc5 Kc6 27. a4 Kd7 28. Kf3 Ne7 29. Bd2 Nc6 30. Bc3 Ke7 31. Ke3 g6 32. Be1 Kd7 33. Kd3 Ke8 34. Ke3 Kd7 35. f5 exf5 36. gxf5 gxf5 37. Bc3 Ke6 38. Kf4 h6 39. Ke3 f6 40. exf6 Kxf6 41. Be1 Kg5 42. Bf2 f4+ 43. Kf3 Kf5 44. Bg1 h5 45. Bf2 Kg5 46. Bg1 Kf5 47. Bf2 Na5 48. Be1 Nb3 49. Bc3 Nc1 50. Bd2 Nd3 51. Bc3 Nc1 52. Bb2 Nd3 53. Bc3 Nc1 1/2-1/2

[Event "Titled Tuesday intern op 29th Mar Early"]
[Site "Chess.com INT"]
[Date "2022.03.29"]
[Round "2"]
[White "Bychkov, Vladimir"]
[Black "Sanchez Alvares, Kelvin Antonio"]
[Result "1-0"]
[WhiteElo "2303"]
[BlackElo "2194"]
[PlyCount "127"]
[EventDate "2022.03.29"]
[EventType "swiss (blitz)"]
[EventRounds "11"]
[EventCountry "USA"]
[SourceTitle "CBM 207 Extra"]
[Source "ChessBase"]
[SourceDate "2022.05.31"]
[SourceVersion "1"]
[SourceVersionDate "2022.05.31"]
[SourceQuality "1"]

1. Nf3 d5 2. d4 Nf6 3. c4 c6 4. e3 e6 5. Qc2 Nbd7 6. Nbd2 Bd6 7. b3 Qe7 8. Bb2 e5 9. cxd5 Nxd5 10. a3 0-0 11. Bd3 N5f6 12. Nh4 Nb6 13. Nf5 Bxf5 14. Bxf5 exd4 15. Bxd4 Be5 16. Nf3 Bxd4 17. Nxd4 Rad8 18. 0-0 Nbd5 19. Rfd1 g6 20. Bh3 Rfe8 21. b4 Qe5 22. Nf3 Qe4 23. Qxe4 Nxe4 24. Nd4 Ndc3 25. Re1 a6 26. g3 Nb5 27. Nxb5 axb5 28. a4 bxa4 29. Rxa4 Ra8 30. Rea1 Rxa4 31. Rxa4 Rd8 32. b5 Rd1+ 33. Kg2 Nc5 34. Ra8+ Kg7 35. bxc6 bxc6 36. Rc8 Rd6 37. Bg4 f5 38. Bf3 Nd3 39. Bxc6 Ne1+ 40. Kf1 Nd3 41. h4 Ne5 42. Ba8 h5 43. Kg2 Rd2 44. Rc7+ Kf6 45. Kf1 Ng4 46. f4 Nxe3+ 47. Ke1 Rc2 48. Rxc2 Nxc2+ 49. Kf2 Nd4 50. Bg2 Ne6 51. Ke3 Ke7 52. Bd5 Nc7 53. Bc4 Kf6 54. Kd4 Ne8 55. Kc5 Nc7 56. Kc6 Ne8 57. Kd7 Ng7 58. Kd6 Ne8+ 59. Kd7 Ng7 60. Bb3 g5 61. hxg5+ Kg6 62. Ke7 h4 63. Bf7+ Kh7 64. gxh4 1-0